000 00512pam a2200193 a 4500
020 _c
040 _aMedical College Libr
041 _aENG
_hENG
082 _a614
_bPOT
100 _aPotter, F. .
245 _aReading Learning & Media Education /
_c
_hTextual Documents
260 _a :
_bBlackwell Edu. ,
_c1990.
300 _a346 ;
_c
365 _a30=00
653 _aPreventive and Social Medicine
_aMedical Science
930 _a1330
999 _c1329
_d1329